Top 10 most populated cities in Missouri - Statistics

General Stats
  • This quiz has been taken 12 times
  • The average score is 5 of 10
Answer Stats
Answer % Correct
Kansas City
89%
Springfield
89%
St. Louis
89%
Columbia
78%
Lee's Summit
56%
Independence
44%
St. Joseph
33%
O'Fallon
22%
St. Peters
22%
St. Charles
11%
No matching quizzes found
Score Distribution
Percent of People with Each Score
Percentile by Number Answered
Your Score History
You have not taken this quiz